<?xml version="1.0" encoding="UTF-8"?>
<collection xmlns="http://www.loc.gov/MARC21/slim">
 <record>
  <leader>02018nam a22002417a 4500</leader>
  <controlfield tag="001">NCT_39002</controlfield>
  <controlfield tag="008">180602b        xxu||||| |||| 00| 0 vie d</controlfield>
  <datafield tag="999" ind1=" " ind2=" ">
   <subfield code="c">1882</subfield>
   <subfield code="d">1882</subfield>
  </datafield>
  <datafield tag="020" ind1=" " ind2=" ">
   <subfield code="c">26500</subfield>
  </datafield>
  <datafield tag="082" ind1="0" ind2="4">
   <subfield code="2">23rd ed.</subfield>
   <subfield code="a">579</subfield>
   <subfield code="b">Th557</subfield>
  </datafield>
  <datafield tag="100" ind1="1" ind2=" ">
   <subfield code="a">Trần Linh Phước</subfield>
  </datafield>
  <datafield tag="245" ind1="1" ind2="0">
   <subfield code="a">Phương pháp phân tích vi sinh vật trong nước, thực phẩm và mĩ phẩm</subfield>
   <subfield code="c">Trần Linh Phước</subfield>
  </datafield>
  <datafield tag="250" ind1=" " ind2=" ">
   <subfield code="a">Tái bản lần thứ sáu</subfield>
  </datafield>
  <datafield tag="260" ind1=" " ind2=" ">
   <subfield code="a">H.</subfield>
   <subfield code="b">Giáo Dục Việt Nam</subfield>
   <subfield code="c">2010</subfield>
  </datafield>
  <datafield tag="300" ind1=" " ind2=" ">
   <subfield code="a">232 tr.</subfield>
   <subfield code="b">Minh họa</subfield>
   <subfield code="c">24cm</subfield>
  </datafield>
  <datafield tag="520" ind1="3" ind2=" ">
   <subfield code="a">Cuốn sách &quot;Phương Pháp Phân Tích Vi Sinh Vật Trong Nước, Thực Phẩm Và Mỹ Phẩm&quot; bao gồm các nội dung sau: - Chương 1: Các chỉ tiêu vi sinh vật thường được kiểm soát trong nước, thực phẩm và mỹ phẩm. - Chương 2: Yêu cầu cơ bản của phòng kiểm nghiệm vi sinh vật. - Chương 3: Phương pháp thu, bảo quản và chuẩn bị mẫu. - Chương 4: Kỹ thuật cơ bản trong phân tích, kiểm nghiệm vi sinh vật. - Chương 5: Quy trình phân tích các chỉ tiêu vi sinh vật. - Chương 6: Các phương pháp không truyền thống.</subfield>
  </datafield>
  <datafield tag="653" ind1=" " ind2=" ">
   <subfield code="a">Công nghệ thực phẩm</subfield>
  </datafield>
  <datafield tag="942" ind1=" " ind2=" ">
   <subfield code="2">ddc</subfield>
   <subfield code="c">BK</subfield>
  </datafield>
  <datafield tag="952" ind1=" " ind2=" ">
   <subfield code="0">0</subfield>
   <subfield code="1">0</subfield>
   <subfield code="2">ddc</subfield>
   <subfield code="4">0</subfield>
   <subfield code="6">579_000000000000000_TH557</subfield>
   <subfield code="7">0</subfield>
   <subfield code="9">9567</subfield>
   <subfield code="a">000001</subfield>
   <subfield code="b">000001</subfield>
   <subfield code="d">2018-06-02</subfield>
   <subfield code="o">579 Th557</subfield>
   <subfield code="p">MD.09133</subfield>
   <subfield code="r">2018-06-02</subfield>
   <subfield code="v">26500.00</subfield>
   <subfield code="w">2018-06-02</subfield>
   <subfield code="y">BK</subfield>
  </datafield>
  <datafield tag="952" ind1=" " ind2=" ">
   <subfield code="0">0</subfield>
   <subfield code="1">0</subfield>
   <subfield code="2">ddc</subfield>
   <subfield code="4">0</subfield>
   <subfield code="6">579_000000000000000_TH557</subfield>
   <subfield code="7">0</subfield>
   <subfield code="9">9568</subfield>
   <subfield code="a">000001</subfield>
   <subfield code="b">000001</subfield>
   <subfield code="d">2018-06-02</subfield>
   <subfield code="o">579 Th557</subfield>
   <subfield code="p">MD.09134</subfield>
   <subfield code="r">2018-06-02</subfield>
   <subfield code="v">26500.00</subfield>
   <subfield code="w">2018-06-02</subfield>
   <subfield code="y">BK</subfield>
  </datafield>
  <datafield tag="952" ind1=" " ind2=" ">
   <subfield code="0">0</subfield>
   <subfield code="1">0</subfield>
   <subfield code="2">ddc</subfield>
   <subfield code="4">0</subfield>
   <subfield code="6">579_000000000000000_TH557</subfield>
   <subfield code="7">0</subfield>
   <subfield code="9">9569</subfield>
   <subfield code="a">000001</subfield>
   <subfield code="b">000001</subfield>
   <subfield code="d">2018-06-02</subfield>
   <subfield code="o">579 Th557</subfield>
   <subfield code="p">MD.09135</subfield>
   <subfield code="r">2018-06-02</subfield>
   <subfield code="v">26500.00</subfield>
   <subfield code="w">2018-06-02</subfield>
   <subfield code="y">BK</subfield>
  </datafield>
  <datafield tag="952" ind1=" " ind2=" ">
   <subfield code="0">0</subfield>
   <subfield code="1">0</subfield>
   <subfield code="2">ddc</subfield>
   <subfield code="4">0</subfield>
   <subfield code="6">579_000000000000000_TH557</subfield>
   <subfield code="7">0</subfield>
   <subfield code="9">9570</subfield>
   <subfield code="a">000001</subfield>
   <subfield code="b">000001</subfield>
   <subfield code="d">2018-06-02</subfield>
   <subfield code="o">579 Th557</subfield>
   <subfield code="p">MD.09136</subfield>
   <subfield code="r">2018-06-02</subfield>
   <subfield code="v">26500.00</subfield>
   <subfield code="w">2018-06-02</subfield>
   <subfield code="y">BK</subfield>
  </datafield>
  <datafield tag="980" ind1=" " ind2=" ">
   <subfield code="a">Thư viện Trường Đại học Nam Cần Thơ</subfield>
  </datafield>
 </record>
</collection>
